Devolver a constituição ao povo : (Record no. 251)

MARC details
000 -LÍDER
Campo Fixo de Controle 00818cam a2200253 a 4500
001 - NÚMERO DE CONTROLE
Campo de Controle 251
003 - IDENTIFICAÇÃO DO NÚMERO DE CONTROLE
Campo de Controle BR-CuiBMT
005 - DATA E HORA DA ÚLTIMA ATUALIZAÇÃO
Campo de Controle 20231024233917.0
008 - DADOS FIXOS
Dados Fixos 230913s2017 mgb 000 0 por d
020 ## - INTERNATIONAL STANDARD BOOK NUMBER
Nº do ISBN 9788545002055
040 ## - AGÊNCIA CATALOGADORA
Código da Agência Catalogadora BR-CuiBMT
Agência que transcreveu o registro BR-CuiBMT
080 ## - Nº DA CLASSIFICAÇÃO DECIMAL UNIVERSAL
Nº edição CDU 2007
Nº Class. CDU 342.4
090 ## - NÚMERO DE CHAMADA
Nº classificação 342.4
Cutter G589d
100 1# - ENTRADA PRINCIPAL -- AUTOR PESSOAL
Nome pessoal Godoy, Miguel Gualano de
245 10 - TÍTULO PRINCIPAL
Título principal Devolver a constituição ao povo :
Subtítulo crítica à supremacia judicial e diálogos institucionais /
Indicação de responsabilidade Miguel Gualano de Godoy ; Vera Karam Chueiri, prefácio.
260 ## - PUBLICAÇÃO, DISTRIBUIÇÃO, ETC.
Local de publicação Belo Horizonte :
Editora Fórum,
Data 2017.
300 ## - DESCRIÇÃO FÍSICA
N. páginas ou volumes 264 p. ;
Dimensões 22 cm
504 ## - NOTA DE BIBLIOGRAFIA, ETC.
Nota de bibliografia Inclui bibliografia.
590 ## - NOTA LOCAL
Nota local A biblioteca possui a 1. reimpr. 2017.
650 ## - ASSUNTO TÓPICO
Cabeçalho tópico ou nome geográfico Direito constitucional
650 ## - ASSUNTO TÓPICO
Cabeçalho tópico ou nome geográfico Direito administrativo
650 ## - ASSUNTO TÓPICO
Cabeçalho tópico ou nome geográfico Direito econômico
942 ## - ELEMENTOS DE ENTRADA ADICIONAIS (KOHA)
Fonte de classificação ou esquema de arquivamento Classificação Decimal Universal
Tipo de item do Koha Livros
Holdings
Estado: removido Estado: perdido Fonte de classificação ou esquema de arquivamento Estado: danificado Indisponível para empréstimo Localização permanente Localização atual Data de aquisição Total Checkouts Número de Chamada completo Código de barras Date last seen Número do exemplar Preço efetivo a partir de Tipo de item (Koha)
    Classificação Decimal Universal     Biblioteca da Escola Superior de Contas do TCE/MT Biblioteca da Escola Superior de Contas do TCE/MT 28/06/2023   342.4 G589d BIBTCEMT23090034 13/09/2023 Ex. 1 13/09/2023 Livros

Powered by Koha